header

Islam, secularism, and liberal democracy (Record no. 449)

MARC details
000 -LEADER
fixed length control field 01455nam a2200349Ia 4500
100 1# - MAIN ENTRY--AUTHOR NAME
Personal name Hashemi, Nader,
245 10 - TITLE STATEMENT
Title Islam, secularism, and liberal democracy
260 ## - PUBLICATION, DISTRIBUTION, ETC. (IMPRINT)
Place of publication Oxford ;
-- New York :
Name of publisher Oxford University Press,
Year of publication 2009.
300 ## - PHYSICAL DESCRIPTION
Number of Pages xix, 280 p. :
Other physical details ill.
650 #0 - SUBJECT ADDED ENTRY--TOPICAL TERM
Topical Term Islam and secularism.
Topical Term Democracy
Topical Term Secularism
Topical Term Democracy
Topical Term Islam and politics
856 40 - ELECTRONIC LOCATION AND ACCESS
Uniform Resource Identifier http://site.ebrary.com/lib/rucke/Doc?id=10288443

No items available.

© 2026 Rongo University
Contact us: librarian | system librarian | Rongo university